| 000 | 00918cam a2200289 4500 | ||
|---|---|---|---|
| 999 |
_c24173 _d24173 |
||
| 001 | vtls012258484 | ||
| 005 | 20260506100949.0 | ||
| 008 | 240624s xo e 000 f slo | ||
| 020 |
_a9788055190259 _q(viazané) |
||
| 040 |
_aSNK _bslo _cSNK _erda |
||
| 041 | 0 | _aslo | |
| 044 |
_axo _cSK |
||
| 072 | 7 |
_a821.162.4-3 _xSlovenská próza _2konspekt |
|
| 080 |
_a821.162.4-31 _22011 |
||
| 100 | 1 |
_aKoscelanská-Hajdučeková, Silvia, _d1981- _4aut _95513 |
|
| 245 | 1 | 0 |
_aBriliantový kľúčik _cSilvia Koscelanská-Hajdučeková |
| 264 | 1 |
_aBratislava _bIkar _c2024 |
|
| 300 |
_a319 strán _c21 cm |
||
| 336 |
_atext _btxt _2rdacontent |
||
| 337 |
_abez média _bn _2rdamedia |
||
| 338 |
_azväzok _bnc _2rdacarrier |
||
| 655 | 7 |
_aslovenské romány _2SNKPH _91694 |
|
| 655 | 7 |
_aSlovak fiction _2SNKPHeng _91695 |
|
| 958 | _aLX | ||